La gran extranjera: para pensar la literatura.

Saved in:
Bibliografiske detaljer
Hovedforfatter: Foucault, Michel (autor)
Andre forfattere: Castro, Edgardo (edición en español), Pons, Horacio (traductor)
Format: Bog
Sprog:spansk
Udgivet: Buenos Aires, Argentina: Siglo Veintiuno Editores, 2015.
Udgivelse:1a. ed.
Serier:Biblioteca Clásica de Siglo Veintiuno.
Fag:
Tags: Tilføj Tag
Ingen Tags, Vær først til at tagge denne postø!

MARC

LEADER 00000cam a2200000 a 4500
001 UCD1728
003 CL-VaPUC
005 20241127104741.0
008 160324e20150000ag |||||||||||||||||spa|d
999 |c 362998  |d 362996 
020 |a 9789876295048 
040 |c Pontificia Universidad Católica de Valparaíso 
082 0 4 |a 801.95 FOU 2015  |2 21 
100 |a Foucault, Michel  |e autor  |9 257945 
245 1 3 |a La gran extranjera: para pensar la literatura. 
250 |a 1a. ed. 
260 |a Buenos Aires, Argentina:  |b Siglo Veintiuno Editores,   |c 2015. 
300 |a 189 páginas. 
490 0 |a Biblioteca Clásica de Siglo Veintiuno.   |n  Serie Fragmentos Foucaultianos. 
583 |a last modification  |c 20160324 12:59:00  |k Rodrigo Vera 
650 0 |a Crítica literaria   |9 269189 
650 0 |a Literatura  |9 259151  |x Historia y crítica 
700 |a Castro, Edgardo   |e edición en español  |9 880643 
700 |a Pons, Horacio  |e traductor  |9 880644 
942 |c BK  |2 ddc 
945 |d 20160324 12:59:00  |a arojas 
952 |0 0  |1 0  |3 erb  |4 0  |6 801_950000000000000_FOU_2015  |7 0  |8 R  |9 474663  |a BIBEDU  |b BIBEDU  |c MCIRC  |i 5267870  |l 1  |m 1  |o 801.95 FOU 2015  |p 5267870  |r 2025-01-13  |s 2024-12-12  |w 2019-11-24  |y BK_R  |z Catalogado en:20160324  |k FIL 
952 |0 0  |1 0  |2 ddc  |3 erb  |4 0  |6 801_950000000000000_FOU_2015  |7 0  |8 A  |9 474664  |a BIBING  |b BIBING  |c RES  |i 5287006  |o 801.95 FOU 2015  |p 5287006  |r 2025-01-20  |w 2019-11-24  |y BK  |z Catalogado en:20160512  |k GEO 
952 |0 0  |1 0  |2 ddc  |4 0  |6 801_950000000000000_FOU_2015  |7 0  |8 A  |9 589080  |a BIBART  |b BIBART  |c GEN  |d 2023-03-15  |e 11  |g 18599.70  |i 5656655  |l 1  |o 801.95 FOU 2015  |p 5656655  |r 2025-03-13  |s 2024-04-01  |t 3  |v 18599.70  |w 2023-03-15  |y BK  |k ART